Paesi membri del G20 - Statistics

Statistiche generali
  • Questo quiz è stato fatto 83 volte
  • Il punteggio medio è 17 su 20
Statistiche sulle risposte
Risposta % Corretto
Australia
100%
Cina
100%
Brasile
98%
Giappone
98%
Italia
98%
Canada
96%
Francia
96%
Germania
96%
Regno Unito
96%
Russia
96%
Stati Uniti
96%
Argentina
94%
Messico
94%
India
92%
Sudafrica
85%
Corea del Sud
75%
Turchia
75%
Indonesia
73%
Arabia Saudita
62%
Unione Europea
23%
Nessun quiz corrispondente trovato
Distribuzione punteggi
Percentuale di utenti per punteggio
Percentile per numero di risposta
I tuoi punteggi nel tempo
Non hai fatto questo quiz